000 00321nam a22001337a 4500
005 20250312123420.0
008 250312b |||||||| |||| 00| 0 eng d
020 _a978-1-44496-720-3
050 _aPZ 83. A58 2019
100 _aANTONY STEVE
245 _aAMAZING
260 _aNEWYORK
_bAMAZING
_c2019
942 _2lcc
_cBK
999 _c215040
_d215040